Southville International School and Colleges
Your cart is empty.
  • Cart
  • Lists
    Public lists Eva Luna New books Lux_list list_1
    Your lists Log in to create your own lists
  • Log in to your account
  • Your cookies
  • Search history
Southville International School and Colleges
  • Advanced search
  • Recent comments
  • Most popular
  • Libraries

Log in to your account

Log in with GOOGLE


If you do not have an external account, but do have a local account, you can still log in:

  1. Home
  2. MARC view: Leaders and the leadership process :
Normal view MARC view ISBD view

Leaders and the leadership process : (Record no. 23682)

[ view plain ]
MARC details
000 -LEADER
fixed length control field 00715nam a2200241 a 4500
005 - DATE AND TIME OF LATEST TRANSACTION
control field 20140310183457.0
008 - FIXED-LENGTH DATA ELEMENTS--GENERAL INFORMATION
fixed length control field 081223s19uu xx 00 eng d
020 ## - INTERNATIONAL STANDARD BOOK NUMBER
International Standard Book Number 9780071263764
050 ## - LIBRARY OF CONGRESS CALL NUMBER
Classification number HM 1261
Item number .L413 2006
100 ## - MAIN ENTRY--PERSONAL NAME
Personal name Pierce, Jon L.
245 ## - TITLE STATEMENT
Title Leaders and the leadership process :
Remainder of title readings, self-assessments and applications /
Statement of responsibility, etc Jon L. Pierce
250 ## - EDITION STATEMENT
Edition statement 5th ed.
260 ## - PUBLICATION, DISTRIBUTION, ETC. (IMPRINT)
Place of publication, distribution, etc Boston :
Name of publisher, distributor, etc McGraw-Hill,
Date of publication, distribution, etc 2006.
300 ## - PHYSICAL DESCRIPTION
Extent 530 p. :
Other physical details ill. ;
Dimensions 25 cm.
521 ## - TARGET AUDIENCE NOTE
Target audience note
650 ## - SUBJECT ADDED ENTRY--TOPICAL TERM
Topical term or geographic name as entry element BSBA.
650 ## - SUBJECT ADDED ENTRY--TOPICAL TERM
Topical term or geographic name as entry element Leadership.
650 ## - SUBJECT ADDED ENTRY--TOPICAL TERM
Topical term or geographic name as entry element Leadership
General subdivision Case studies.
650 ## - SUBJECT ADDED ENTRY--TOPICAL TERM
Topical term or geographic name as entry element Leadership
General subdivision Problems, exercises, etc.
700 ## - ADDED ENTRY--PERSONAL NAME
Personal name Newstrom, John W.
942 ## - ADDED ENTRY ELEMENTS (KOHA)
Koha item type Books
Source of classification or shelving scheme Library of Congress Classification
Call number prefix Foreign
Holdings
Withdrawn status Lost status Source of classification or shelving scheme Damaged status Home library Current library Shelving location Date acquired Source of acquisition Total Checkouts Full call number Barcode Date last seen Copy number Price effective from Koha item type
    Library of Congress Classification   College Library College Library General Circulation Section 11/27/2009 Donation   HM 1261 .L413 2006 C10755 05/15/2018 1 10/18/2013 Books

Leaders and the leadership process :

APA

Pierce J. L., Newstrom J. W., . (2006). Leaders and the leadership process. Boston: McGraw-Hill.

Chicago

Pierce Jon L, Newstrom John W, . 2006. Leaders and the leadership process. Boston: McGraw-Hill.

Harvard

Pierce J. L., Newstrom J. W., . (2006). Leaders and the leadership process. Boston: McGraw-Hill.

MLA

Pierce Jon L, Newstrom John W, . Leaders and the leadership process. Boston: McGraw-Hill. 2006.

  • Place hold
  • Print
  • Cite
  • Add to your cart (remove)
  • Save record
    BIBTEX Dublin Core MARCXML MARC (non-Unicode/MARC-8) MARC (Unicode/UTF-8) MARC (Unicode/UTF-8, Standard) MODS (XML) RIS
  • More searches
    Search for this title in:
    Other Libraries (WorldCat) Other Databases (Google Scholar) Online Stores (Bookfinder.com) Open Library (openlibrary.org)

Exporting to Dublin Core...

SOUTHVILLE LIBRARY

Southville International School and Colleges Library

1281 Tropical Ave. Cor. Luxembourg St., BF Homes International, Las Pinas City

Tel. No. 8256374 / 252358 Loc. 117/146

Powered by Koha